000 00797nam a2200253Ia 4500
003 OSt
005 20221005103732.0
006 a|||||r|||| 00| 0
007 ta
008 221004b |||||||| |||| 00| 0 hin d
024 _a107502
037 _cTextual
040 _aCRL
_cCRL
_bhin
041 _2hin
_ahin
082 _aO152:gN, J0
100 _aसहल, कन्हैयालाल
245 0 _aसमीक्षायण
246 _aSamīkṣhāyaṇa
260 _aदिल्ली
_bआत्माराम एण्ड सन्स भारत
_c1950
300 _a134पृ0
_ccm.
650 _aहिन्दी साहित्य
942 _hO152:gN, J0
_cTEXL
_2cc
999 _c1010769
_d1010769